2006 FIFA World Cup Quiz - Statistics

General Stats
  • This quiz has been taken 162 times
  • The average score is 27 of 32
Answer Stats
Answer % Correct
Brazil
98%
France
98%
Germany
98%
Italy
98%
Argentina
97%
England
97%
Portugal
97%
Spain
97%
Japan
93%
Mexico
93%
Netherlands
93%
South Korea
93%
United States
93%
Australia
91%
Sweden
91%
Poland
87%
Switzerland
86%
Paraguay
85%
Croatia
84%
Ukraine
84%
Ecuador
83%
Ghana
80%
Serbia and Montenegro
80%
Costa Rica
79%
Iran
79%
Saudi Arabia
78%
Cote d'Ivoire
76%
Trinidad and Tobago
70%
Czech Republic
69%
Togo
69%
Tunisia
64%
Angola
60%
No matching quizzes found
Score Distribution
Percent of People with Each Score
Percentile by Number Answered
Your Score History
You have not taken this quiz